[Event "Michigan Open Reserve"]
[Site "Romulus, MI"]
[Date "2000.09.02"]
[Round "3.24"]
[White "Sobh, Hassan"]
[Black "Solski, Jeff"]
[Result "1-0"]
[WhiteElo "1681"]
[BlackElo "1486"]
[Annotator "Jeff Aldrich"]
[PlyCount "111"]
[EventDate "2000.09.01"]

{Sicilian: Macdonnell} 1. e4 c5 2. f4 Nc6 3. Nf3 d6 4. Be2 e5 5. fxe5 dxe5 6.
O-O Nd4 $2 {He probably saw all of the following combination, but missed the
significance of white's ninth move.} 7. Nxe5 Nxe2+ 8. Qxe2 Qd4+ 9. Qf2 Be6 10.
Qxd4 cxd4 11. d3 Nf6 12. c3 Bc5 13. c4 O-O 14. Nd2 a5 15. Ndf3 Ne8 16. Ng5 Nf6
17. Nxe6 fxe6 18. Bd2 Bd6 19. Nf3 Ng4 20. Rac1 b6 21. h3 Ne3 $6 {Sending the
pawn on a suicide mission across enemy lines.} 22. Bxe3 dxe3 23. e5 Bb4 24. Rc2
Rad8 25. d4 Rf4 26. Re2 Re4 27. a3 Be7 28. Rfe1 Rc8 29. Rc2 e2 30. Kf2 Rf8 31.
Kg1 Rc8 32. Kf2 Rf8 33. Kg1 Rff4 $6 ({Why not play} 33... Rc8 {again. If white
plays} 34. Kf2 {then black could claim three-fold repetition.}) 34. Rexe2 g5
35. Rxe4 Rxe4 36. Kf2 g4 37. hxg4 Rxg4 38. Ke3 h5 39. Kf2 h4 40. Ke3 h3 41.
gxh3 Rg3 42. Kf4 Rxh3 43. a4 Rh5 44. b3 Kf8 45. d5 exd5 46. cxd5 Bc5 47. Rh2 {
Forcing the rooks off. The bishop is no match for the connected passers.} Rxh2
48. Nxh2 Ke7 49. Kf5 Bb4 50. Ng4 Bc5 51. Nf6 Bb4 52. Ne4 Kd7 53. Kf6 Be7+ 54.
Kf7 Bb4 55. e6+ Kd8 56. d6 1-0

[Event "Michigan Open Reserve"]
[Site "Romulus, MI"]
[Date "2000.09.02"]
[Round "3.51"]
[White "Sobh, Bassel"]
[Black "Vasos, John"]
[Result "0-1"]
[WhiteElo "865"]
[BlackElo "1092"]
[PlyCount "71"]
[EventDate "2000.09.01"]

1. e4 e5 2. Nc3 Nf6 3. Nf3 Nc6 4. Bb5 d6 5. Bxc6+ bxc6 6. O-O Bg4 7. d3 Rb8 8.
a3 Be7 9. Be3 Rb7 10. b4 O-O 11. d4 exd4 12. Bxd4 Nd7 13. Qd3 Qb8 14. Qe3 Be6
15. Ng5 Bc4 16. Rfe1 Bf6 17. Bxf6 Nxf6 18. Qd4 Be6 19. Ne2 d5 20. exd5 Bxd5 21.
Nh3 Rd8 22. Nef4 Be6 23. Qe3 Bxh3 24. Qxh3 Rb5 25. Re2 Re8 26. Rae1 Rxe2 27.
Rxe2 Qd8 28. Qd3 Qxd3 29. Nxd3 Rd5 30. Rd2 Ne4 31. c4 Nxd2 32. cxd5 cxd5 33. b5
Kf8 34. a4 Ne4 35. f4 Ke7 36. g4 {@Emore moves, but nisssing some} 0-1

[Event "Michigan Open"]
[Site "Romulus, MI"]
[Date "2000.09.02"]
[Round "2.11"]
[White "Smith, Walt"]
[Black "Spooner, Frank"]
[Result "1/2-1/2"]
[WhiteElo "1961"]
[BlackElo "1781"]
[PlyCount "89"]
[EventDate "2000.09.01"]

1. Nf3 Nf6 2. c4 e6 3. g3 b6 4. Bg2 Bb7 5. O-O Be7 6. d3 O-O 7. e4 d6 8. Nc3
Nbd7 9. Re1 e5 10. Nd5 Nxd5 11. exd5 f5 12. b4 a5 13. b5 Bf6 14. Bb2 Qe7 15.
Nd4 g6 16. Nc6 Qg7 17. d4 Rae8 18. dxe5 Nxe5 19. Bxe5 Bxe5 20. Nxe5 Rxe5 21.
Qd2 Rfe8 22. Kf1 Qe7 23. f4 Rxe1+ 24. Rxe1 Qxe1+ 25. Qxe1 Rxe1+ 26. Kxe1 Kf7
27. Kd2 Kf6 28. Ke3 h5 29. Bf3 Bc8 30. h3 Bd7 31. Bd1 Kf7 32. Kd4 Ke7 33. Be2
Bc8 34. Bd3 Kf6 35. Bc2 Bd7 36. Kc3 Bc8 37. Kd3 Bd7 38. Ke3 Bc8 39. Bd1 Bd7 40.
Bf3 Kf7 41. Kf2 Kg7 42. g4 hxg4 43. hxg4 Kf6 44. g5+ Kf7 45. Be2 1/2-1/2

[Event "Michigan Open"]
[Site "Romulus, MI"]
[Date "2000.09.02"]
[Round "2.46"]
[White "Smith, Walt"]
[Black "Kulbacki, James"]
[Result "1-0"]
[WhiteElo "1961"]
[BlackElo "2003"]
[PlyCount "49"]
[EventDate "2000.09.01"]

1. f4 e5 2. fxe5 d6 3. Nf3 g5 4. d4 g4 5. Bg5 Qd7 6. Nh4 h6 7. Bf4 Be7 8. g3
Bxh4 9. gxh4 Qf5 10. Bg3 dxe5 11. Bxe5 f6 12. Bg3 Ne7 13. Bg2 Bd7 14. Rf1 Qg6
15. Bxc7 Qh5 16. Bg3 Nf5 17. Qd3 Nxh4 18. Qe4+ Kf7 19. Qd5+ Kg6 20. Rxf6+ Kxf6
21. Qxh5 Nf5 22. Nd2 Rg8 23. O-O-O Re8 24. e4 Ne3 25. Qxh6+ 1-0

[Event "Michigan Open Reserve"]
[Site "Romulus, MI"]
[Date "2000.09.02"]
[Round "2.49"]
[White "Shellenberger, Richard"]
[Black "Zuniga, Jesus"]
[Result "1-0"]
[WhiteElo "1716"]
[BlackElo "1571"]
[Annotator "Jeff Aldrich"]
[PlyCount "61"]
[EventDate "2000.09.01"]

{French: Exchange} 1. e4 e6 2. d4 d5 3. exd5 exd5 4. Nf3 Bg4 5. Bf4 {Both
playe rs have developed the QB first. With that open e-file, the sooner the
castle the better. Each player now has the opportunity to create some havoc
with the queen check. For example,} Nf6 (5... Qe7+ 6. Be3 Qb4+ {picking-off
the b-pawn.}) 6. Be2 Bd6 7. Qd2 Ne4 8. Qe3 O-O 9. O-O Re8 10. Bxd6 Nxd6 11. Qd2
Qe7 12. Nc3 c6 13. Rae1 Qf6 14. Ne5 Bxe2 15. Rxe2 Qf5 16. b3 Nd7 17. f4 h5 18.
Qe1 Nf6 19. Rf3 Nde4 20. Nxe4 Nxe4 21. c4 f6 22. cxd5 cxd5 23. Nd3 Nd6 24. Rfe3
Qg6 25. Nc5 ({Better is} 25. f5 Qf7 26. Re6) 25... b6 26. Ne6 Nf5 27. Rf3 Rxe6
$2 {Black spots a tactic to win a pawn, it quicly backfires.} 28. Rxe6 Nxd4 29.
Rg3 Qh6 30. Re7 Nf5 31. Qe6+ 1-0

[Event "Michigan Open Reserve"]
[Site "Romulus, MI"]
[Date "2000.09.02"]
[Round "2.43"]
[White "Serwatowski, Felix"]
[Black "Fleeman, Paul"]
[Result "1-0"]
[WhiteElo "1315"]
[BlackElo "999"]
[PlyCount "109"]
[EventDate "2000.09.01"]

1. d4 g6 2. Nf3 Bg7 3. e4 c6 4. Nc3 d5 5. e5 Bg4 6. Be2 e6 7. h3 Bxf3 8. Bxf3
Nd7 9. b3 f6 10. exf6 Ngxf6 11. O-O O-O 12. Re1 Re8 13. Bg5 h6 14. Bf4 Qe7 15.
Qd3 Qf7 16. Bd6 Rad8 17. Re2 Nf8 18. Be5 N8d7 19. Bg3 c5 20. Nb5 a6 21. Nd6 Qf8
22. Nxe8 Qxe8 23. Rae1 Nf8 24. c3 Qc6 25. Be5 b5 26. dxc5 Qxc5 27. Bd4 Qc7 28.
b4 Re8 29. Bc5 Qf7 30. Bd4 Nh5 31. Bxh5 gxh5 32. Qg3 Ng6 33. Bxg7 Kxg7 34. Re3
h4 35. Qg4 e5 36. Rxe5 Rxe5 37. Rxe5 Kh7 38. Rf5 Qd7 39. Qh5 Kg7 40. Qg4 Kh7
41. Qf3 Ne5 42. Qh5 Ng6 43. Rxd5 Nf4 44. Qf5+ Qxf5 45. Rxf5 Ne2+ 46. Kf1 Nxc3
47. a3 Kg6 48. Rc5 Ne4 49. Rc6+ Kg5 50. Rxa6 Nc3 51. Rc6 Ne4 52. Rc5+ Nxc5 53.
bxc5 Kf6 54. f4 Ke6 55. f5+ 1-0

[Event "Michigan Open Reserve"]
[Site "Romulus, MI"]
[Date "2000.09.02"]
[Round "3.26"]
[White "Schey, Danny"]
[Black "Haygood, Norman"]
[Result "0-1"]
[WhiteElo "1600"]
[BlackElo "1416"]
[PlyCount "88"]
[EventDate "2000.09.01"]

{Caro-Kann: Advance (Short)} 1. e4 c6 2. d4 d5 3. e5 Bf5 4. Nf3 e6 5. Be2 c5 6.
O-O Nc6 7. c3 cxd4 8. cxd4 Bb4 9. a3 Ba5 10. b4 Bb6 11. Nc3 a6 12. Bb2 Nge7 13.
b5 axb5 14. Nxb5 O-O 15. Rc1 h6 16. Nd6 Qb8 17. a4 Bh7 18. Ba3 Rd8 19. Bb5 Qa7
20. Bc5 Nf5 21. Bxb6 Qxb6 22. Nxb7 Rdc8 23. Bxc6 Rxc6 24. Rxc6 Qxc6 25. Nc5 Rc8
26. Nd3 Ra8 27. g4 Ne7 28. Nc5 Nc8 29. Qb3 Nb6 30. Ra1 Be4 31. Nd2 Bg6 32. a5
Nd7 33. Qa3 Qb5 34. Nxd7 Qxd7 35. Nb3 Qb5 36. Nc1 Qc4 37. Qc5 Qa6 38. Ra3 $2
Rc8 39. Qb6 Rxc1+ 40. Kg2 Qf1+ 41. Kg3 Qg1+ 42. Kf4 Qxf2+ 43. Rf3 Qxh2+ 44. Ke3
Re1# 0-1

[Event "Michigan Open Reserve"]
[Site "Romulus, MI"]
[Date "2000.09.02"]
[Round "2.54"]
[White "Saylor, Oliver"]
[Black "Culverson, Javin"]
[Result "1-0"]
[WhiteElo "1244"]
[BlackElo "936"]
[PlyCount "31"]
[EventDate "2000.09.01"]

1. e4 c6 2. d3 d5 3. Qf3 dxe4 4. dxe4 Nf6 5. Bc4 Bg4 6. Qd3 Qxd3 7. Bxd3 e6 8.
f3 Bh5 9. Nd2 Bc5 10. Ne2 Nbd7 11. Nf4 O-O-O 12. Nc4 Nb6 13. e5 Nbd5 14. exf6
Nxf4 15. Bxf4 Bd4 16. Be3 {@Emissing moves} 1-0

[Event "Michigan Open"]
[Site "Romulus, MI"]
[Date "2000.09.02"]
[Round "2.44"]
[White "Santiago, Reynaldo"]
[Black "Geisleman, Dennis"]
[Result "0-1"]
[WhiteElo "2030"]
[BlackElo "2057"]
[PlyCount "87"]
[EventDate "2000.09.01"]

1. e4 d5 2. exd5 Qxd5 3. Nc3 Qa5 4. Nf3 Nf6 5. Bc4 Bf5 6. O-O e6 7. d4 c6 8. h3
Nbd7 9. Re1 Bb4 10. Bd2 Bxc3 11. Bxc3 Qc7 12. Ne5 Nxe5 13. Rxe5 b5 14. Bb3 O-O
15. Qe2 Rfd8 16. Rd1 a5 17. a3 a4 18. Ba2 Rd7 19. Bb4 Rad8 20. c3 h6 21. Rf1
Nd5 22. Bxd5 Rxd5 23. f4 Rxe5 24. fxe5 Qd7 25. Bd6 Bg6 26. Qg4 Rc8 27. Rf3 Qd8
28. h4 h5 29. Qf4 Bf5 30. Rg3 Kh7 31. Rg5 g6 32. g4 hxg4 33. h5 Kg7 34. h6+ Kh7
35. Kf2 Qd7 36. Kg3 Rg8 37. Kf2 Qd8 38. Kg3 Rh8 39. Rxg4 Bxg4 40. Qxf7+ Kxh6
41. Be7 Qe8 42. Qf6 Bh5 43. Qxe6 Qc8 44. Qf7 0-1

[Event "Michigan Open"]
[Site "Romulus, MI"]
[Date "2000.09.02"]
[Round "3.4"]
[White "Roe, Philip"]
[Black "Ward, Tom"]
[Result "1/2-1/2"]
[WhiteElo "2010"]
[BlackElo "2246"]
[PlyCount "73"]
[EventDate "2000.09.01"]

1. e4 c5 2. Nf3 d6 3. d4 cxd4 4. Nxd4 Nf6 5. Nc3 a6 6. f4 Qc7 7. Bd3 e6 8. Qf3
Be7 9. g4 Nc6 10. Nxc6 Qxc6 11. g5 Nd7 12. Be3 b5 13. O-O-O Bb7 14. Kb1 Nc5 15.
Rhf1 b4 16. Ne2 Nxe4 17. Nd4 Qd5 18. Qh5 g6 19. Qe2 Qa5 20. Nb3 Qf5 21. Bd4 O-O
22. Rde1 d5 23. h4 Bc6 24. Be5 Qh3 25. Rh1 Qg3 26. Reg1 Qf2 27. Qg4 Bd6 28.
Bxd6 Nxd6 29. h5 d4 30. Rh3 Nf5 31. Rf1 Ne3 32. Rxf2 Nxg4 33. Re2 Rfd8 34. hxg6
hxg6 35. Rh4 Ne3 36. Nxd4 Rxd4 37. Rxe3 1/2-1/2

[Event "Michigan Open Reserve"]
[Site "Romulus, MI"]
[Date "2000.09.02"]
[Round "3.41"]
[White "Raugh, Walter"]
[Black "Treacy, Joe"]
[Result "1-0"]
[WhiteElo "1150"]
[BlackElo "1500"]
[PlyCount "47"]
[EventDate "2000.09.01"]

1. e4 c5 2. Nf3 d6 3. d4 cxd4 4. Nxd4 Nf6 5. Nc3 a6 6. Bc4 e6 7. Bb3 Be7 8. Be3
O-O 9. f4 Qc7 10. O-O Nc6 11. f5 e5 12. Nde2 Bd7 13. Nd5 Nxd5 14. Bxd5 Bf6 15.
Qe1 Ne7 16. c4 Nxd5 17. cxd5 Qc2 18. Ng3 Qxb2 19. Nh5 Qc2 20. Nxf6+ gxf6 21.
Bh6 Kh8 22. Qh4 Rg8 23. Qxf6+ Rg7 24. Qxg7# 1-0

[Event "Michigan Open"]
[Site "Romulus, MI"]
[Date "2000.09.02"]
[Round "3.2"]
[White "Randall, Paul"]
[Black "Turgut, Tansel"]
[Result "0-1"]
[WhiteElo "1929"]
[BlackElo "2382"]
[PlyCount "75"]
[EventDate "2000.09.01"]

1. d4 d5 2. c4 e6 3. Nc3 c6 4. e3 Nf6 5. Nf3 Nbd7 6. Qc2 b6 7. cxd5 cxd5 8. Bd3
Bb7 9. O-O Rc8 10. Qe2 Bd6 11. e4 dxe4 12. Nxe4 Nxe4 13. Bxe4 Bxe4 14. Qxe4 Nf6
15. Qe2 O-O 16. Bg5 h6 17. Bxf6 Qxf6 18. Ne5 Rfd8 19. Rad1 Qf5 20. Rc1 Rxc1 21.
Rxc1 Qf4 22. Re1 Bxe5 23. dxe5 Rd2 24. Qe3 Qxe3 25. fxe3 Rxb2 26. Rd1 Rxa2 27.
Rd8+ Kh7 28. Rd7 Kg6 29. g4 a5 30. h4 a4 31. h5+ Kh7 32. Rxf7 a3 33. Ra7 b5 34.
g5 hxg5 35. h6 Kxh6 36. Re7 Rb2 37. Rxe6+ Kh7 38. Ra6 0-1

[Event "Michigan Open Reserve"]
[Site "Romulus, MI"]
[Date "2000.09.02"]
[Round "3.37"]
[White "Raban, David"]
[Black "Dolin, Jack"]
[Result "1-0"]
[WhiteElo "1586"]
[BlackElo "1314"]
[PlyCount "73"]
[EventDate "2000.09.01"]

1. d4 d5 2. c4 e6 3. Nc3 Nf6 4. Bg5 h6 5. Bh4 Be7 6. Nf3 Nbd7 7. e3 c6 8. Rc1
O-O 9. Bd3 dxc4 10. Bxc4 Nd5 11. Bxe7 Qxe7 12. O-O c5 13. Nxd5 exd5 14. Bxd5
Nb6 15. Bb3 Rd8 16. Rxc5 Bg4 17. Qc2 Bxf3 18. gxf3 Rac8 19. Rxc8 Qg5+ 20. Kh1
Rxc8 21. Qe4 Qb5 22. Rg1 Qe2 23. Qg4 g5 24. Qh5 Nc4 25. h4 Rc6 26. hxg5 Rg6 27.
gxh6 Kh7 28. Qf5 Kxh6 29. Rxg6+ fxg6 30. Qf8+ Kh5 31. Qh8+ Kg5 32. f4+ Kg4 33.
Qc8+ Kh4 34. Qd8+ Kh3 35. Qd7+ Kh4 36. Qe7+ Kh3 37. Qh7+ 1-0

[Event "Michigan Open Reserve"]
[Site "Romulus, MI"]
[Date "2000.09.02"]
[Round "2.23"]
[White "Peiris, Eshal"]
[Black "Schey, Danny"]
[Result "0-1"]
[WhiteElo "985"]
[BlackElo "1600"]
[PlyCount "65"]
[EventDate "2000.09.01"]

1. e4 c5 2. g3 Nc6 3. Nf3 g6 4. Bg2 Bg7 5. d3 e6 6. O-O Nge7 7. Qd2 O-O 8. Qe3
d6 9. Nc3 Nd4 10. Qd2 Nec6 11. Ne2 Nxf3+ 12. Bxf3 h5 13. Rb1 h4 14. Bg2 hxg3
15. Nxg3 Qh4 16. c3 Ne5 17. Qg5 Qxg5 18. Bxg5 Nxd3 19. Rfd1 c4 20. Bc1 f6 21.
Be3 d5 22. Bd4 dxe4 23. Rxd3 exd3 24. Ne4 e5 25. Bc5 Re8 26. Rd1 Bf5 27. f3 b6
28. Ba3 Bxe4 29. fxe4 Bf8 30. Bxf8 Kxf8 31. Rf1 Ke7 32. Rf3 Rh8 33. Bh3 {
@ELost a move too much scribble.} 0-1

[Event "Michigan Open Reserve"]
[Site "Romulus, MI"]
[Date "2000.09.02"]
[Round "7.29"]
[White "Peiris, Eshal"]
[Black "Moore, Robert"]
[Result "0-1"]
[WhiteElo "985"]
[BlackElo "1627"]
[PlyCount "82"]
[EventDate "2000.09.01"]

1. c4 Nf6 2. Nc3 d6 3. g3 g6 4. Bg2 Bg7 5. Nf3 O-O 6. O-O c5 7. d3 Nc6 8. Bd2
Rb8 9. Qc1 a6 10. Bg5 Bg4 11. Nd2 Qd7 12. Nf3 Nd4 13. Qe3 Nc2 14. Qd2 Nxa1 15.
Rxa1 Bh3 16. Bxf6 exf6 17. Nd5 Bxg2 18. Kxg2 Rfe8 19. Rb1 b5 20. e3 bxc4 21.
dxc4 Qf5 22. Rd1 Qd7 23. b3 Kf8 24. Qa5 Qb7 25. Ng1 f5 26. Nh3 Bf6 27. Kg1 Bd8
28. Qc3 Kg8 29. f4 h6 30. Nf2 Qd7 31. h3 h5 32. Re1 Qe6 33. e4 f6 34. Kf1 Rb7
35. exf5 Qxe1+ 36. Qxe1 Rxe1+ 37. Kxe1 gxf5 38. g4 fxg4 39. hxg4 hxg4 40. Nxg4
Kf7 41. Nh6+ Ke6 0-1

[Event "Michigan Open Reserve"]
[Site "Romulus, MI"]
[Date "2000.09.02"]
[Round "3.47"]
[White "Neshewat, Michael"]
[Black "Fleeman, Paul"]
[Result "1-0"]
[WhiteElo "1775"]
[BlackElo "999"]
[PlyCount "57"]
[EventDate "2000.09.01"]

1. d4 g6 2. c4 Bg7 3. Nf3 c6 4. e4 d6 5. Nc3 Bg4 6. Be3 Nd7 7. Be2 Ngf6 8. h3
Bxf3 9. Bxf3 O-O 10. O-O Qb6 11. Rb1 Rfe8 12. a3 Qc7 13. h4 h5 14. Kh1 a6 15.
Rg1 Rad8 16. g4 e5 17. d5 c5 18. gxh5 Nf8 19. Qd2 Qd7 20. Rg3 Qe7 21. Bg5 N8h7
22. Bh6 Nxh5 23. Bxh5 Qxh4+ 24. Kg2 Qxh5 25. Rh1 Qxh1+ 26. Kxh1 Kf8 27. Rh3 Nf6
28. Bxg7+ Kxg7 29. Qh6+ 1-0

[Event "Michigan Open Reserve"]
[Site "Romulus, MI"]
[Date "2000.09.02"]
[Round "3.29"]
[White "Morian, William"]
[Black "Aldrich, Justin"]
[Result "0-1"]
[WhiteElo "1548"]
[BlackElo "1584"]
[PlyCount "132"]
[EventDate "2000.09.01"]

1. e4 e5 2. Nf3 Nc6 3. d4 exd4 4. Nxd4 Nxd4 5. Qxd4 d6 6. Nc3 Nf6 7. Be3 Be7 8.
Be2 O-O 9. h3 Bd7 10. Rd1 a6 11. O-O Bc6 12. f4 h6 13. Bf3 Re8 14. Kh1 Rb8 15.
e5 Nd7 16. exd6 Bxd6 17. Bxc6 bxc6 18. Ne4 c5 19. Qd3 c4 20. Qxc4 Rb4 21. Nxd6
Rxc4 22. Nxc4 Qc8 23. Rd3 Nf6 24. Ne5 Qb7 25. b3 Ne4 26. Rfd1 Re6 27. Rd7 Rd6
28. Rd8+ Kh7 29. Nxf7 Rxd1+ 30. Rxd1 Qc6 31. c4 Qg6 32. Ne5 Qg3 33. Rd3 Nf2+
34. Bxf2 Qxf2 35. Rf3 Qxa2 36. Kh2 Qe2 37. Kg3 g5 38. Rf2 Qe3+ 39. Rf3 gxf4+
40. Kg4 Qxe5 41. Rxf4 h5+ 42. Kf3 Qc3+ 43. Kf2 Qxb3 44. Rf7+ Kg6 45. Rf4 Qc2+
46. Kg3 Qd3+ 47. Kh4 Qd2 48. Kg3 a5 49. Rf3 a4 50. Kh2 a3 51. Rxa3 Qd6+ 52.
Rg3+ Kh6 53. h4 Qf4 54. Kh3 Qxc4 55. Ra3 Qg4+ 56. Kh2 Qxh4+ 57. Rh3 Qf4+ 58.
Kh1 c5 59. Rf3 Qh4+ 60. Rh3 Qe1+ 61. Kh2 c4 62. Ra3 Qe5+ 63. Kh3 c3 64. Ra6+
Kg5 65. Rc6 Qf5+ 66. Kh2 c2 0-1

[Event "Michigan Open Reserve"]
[Site "Romulus, MI"]
[Date "2000.09.02"]
[Round "3.27"]
[White "Mitchell, Dave"]
[Black "McCarter, Robert"]
[Result "0-1"]
[WhiteElo "1373"]
[BlackElo "1649"]
[PlyCount "64"]
[EventDate "2000.09.01"]

1. d4 Nf6 2. Nf3 b6 3. Bg5 e6 4. Nbd2 d5 5. e3 Be7 6. Bd3 h6 7. Bh4 Nbd7 8. c3
O-O 9. Qe2 c5 10. O-O c4 11. Bc2 Qc7 12. e4 dxe4 13. Nxe4 Bb7 14. Rfe1 Rfe8 15.
Bg3 Qc6 16. Bh4 b5 17. Nxf6+ Nxf6 18. Bxf6 Bxf6 19. Be4 Qxe4 20. Qxe4 Bxe4 21.
Rxe4 Red8 22. Kf1 a5 23. Nd2 Rac8 24. Ke1 b4 25. g3 Rd5 26. Rb1 e5 27. Nf3 exd4
28. Nxd4 Kf8 29. Rd1 Rcd8 30. h4 a4 31. Ke2 a3 32. bxa3 bxa3 0-1

[Event "Michigan Open Reserve"]
[Site "Romulus, MI"]
[Date "2000.09.02"]
[Round "2.34"]
[White "McCarter, Robert"]
[Black "Sobh, Alex"]
[Result "1-0"]
[WhiteElo "1649"]
[BlackElo "1146"]
[Annotator "Jeff Aldrich"]
[PlyCount "65"]
[EventDate "2000.09.01"]

{Indian: Knight (London)} 1. d4 Nf6 2. Nf3 e6 3. Bf4 Nc6 {Black seems to be
making this up as he goes along. The knight is blocking the c-pawn break and
biting on the strength of white's position.} ({Better is} 3... d5 {making his
case for the center and transposing into more familiar lines.}) 4. e3 b6 5. c4
Bb7 6. Nbd2 Bb4 7. a3 Bxd2+ 8. Nxd2 d6 9. Nf3 h6 10. h3 Qd7 11. Be2 O-O-O 12.
b4 Qe7 13. Qb3 e5 14. dxe5 dxe5 15. Bh2 Ne4 16. O-O Ng5 17. Nxg5 hxg5 18. Rfd1
f5 19. Rxd8+ Nxd8 20. Qc2 g6 21. f3 e4 22. Qc3 Qh7 ({On the surface, the
h-file does seem inviting, but white's follow-up quickly dispells that notion.
Better is} 22... Re8 {working on the some-what backward e-pawn.}) 23. Be5 Rf8 (
{Still better is} 23... Re8) 24. c5 exf3 25. Bxf3 Bxf3 26. gxf3 Rf7 27. cxb6
axb6 28. Kg2 Qh4 29. Bg3 Qh5 {The queen is needed on defense. I wonder if
black had dillusions of attacking down the h-file with 30... Rh7} 30. Rc1 c6 {
This just creates more weaknesses around the king.} ({Better is giving up a
pawn to bring the knight into the game with} 30... f4 31. exf4 gxf4 32. Bxf4
Ne6) 31. Qe5 Rb7 32. Qe8 g4 33. Rxc6+ 1-0

[Event "Michigan Open"]
[Site "Romulus, MI"]
[Date "2000.09.02"]
[Round "3.10"]
[White "Mazuchowski, Tom"]
[Black "Zubatch, Steve"]
[Result "1-0"]
[WhiteElo "2096"]
[BlackElo "1869"]
[PlyCount "53"]
[EventDate "2000.09.01"]

1. e4 g6 2. h4 Bg7 3. h5 d6 4. d4 Nh6 5. Nf3 Bg4 6. hxg6 hxg6 7. Be3 Ng8 8.
Rxh8 Bxh8 9. Bc4 Nf6 10. Nc3 a6 11. e5 dxe5 12. Bxf7+ Kxf7 13. Nxe5+ Ke8 14.
Nxg4 Nbd7 15. Qd3 Kf7 16. Nh6+ Kg7 17. O-O-O Nb6 18. Rh1 Qe8 19. Bf4 Rc8 20.
Be5 Kf8 21. Nf5 Bg7 22. Nxg7 Kxg7 23. Qh3 Qg8 24. Ne4 Kf7 25. Ng5+ Ke8 26. Qe6
Qf8 27. Nh7 1-0

[Event "Michigan Open"]
[Site "Romulus, MI"]
[Date "2000.09.02"]
[Round "2.45"]
[White "Mankiewicz, Ryan"]
[Black "Jones, Gary"]
[Result "1-0"]
[WhiteElo "2101"]
[BlackElo "1777"]
[PlyCount "46"]
[EventDate "2000.09.01"]

1. e4 d5 2. exd5 Nf6 3. c4 e6 4. dxe6 Bxe6 5. Nf3 Nc6 6. Be2 Qe7 7. O-O O-O-O
8. Qa4 Bg4 9. Bd1 Qc5 10. Nc3 Bd6 11. Qb5 Rhe8 12. h3 Bh5 13. d4 Nxd4 14. Nxd4
Bxd1 15. Rxd1 Qxd4 16. Bh6 Qh4 17. Qf5+ Re6 18. Bxg7 Nd7 19. Rd4 Qe7 20. Re4
Be5 21. Bxe5 Nxe5 22. Rxe5 a6 23. Rae1 Kb8 1-0

[Event "Michigan Open"]
[Site "Romulus, MI"]
[Date "2000.09.02"]
[Round "2.13"]
[White "Manion, Tom"]
[Black "Finegold, Mark"]
[Result "1/2-1/2"]
[WhiteElo "1858"]
[BlackElo "2266"]
[PlyCount "98"]
[EventDate "2000.09.01"]

1. Nf3 d5 2. g3 Bg4 3. Bg2 Nd7 4. d3 Ngf6 5. Nbd2 e5 6. O-O Bc5 7. e4 c6 8. Qe2
O-O 9. Re1 Qc7 10. h3 Bh5 11. Nf1 Rfe8 12. g4 Bg6 13. Ng3 Nf8 14. Bg5 N6d7 15.
Nh4 Ne6 16. Be3 Bxe3 17. fxe3 d4 18. Kh2 c5 19. Rf1 Ndf8 20. Nhf5 dxe3 21. Qxe3
Nf4 22. Bf3 N8e6 23. b3 b5 24. Be2 Rad8 25. a4 a6 26. axb5 axb5 27. Ra6 Nd4 28.
Qd2 f6 29. Nxd4 cxd4 30. Rfa1 Rc8 31. Bd1 Qc3 32. Qxc3 dxc3 33. Be2 Ne6 34. Bd1
Nd4 35. Kg2 Nxb3 36. cxb3 c2 37. Bxc2 Rxc2+ 38. Kf3 Rc3 39. Ke3 Rxb3 40. Rd6
Rc8 41. Ra7 Kf8 42. Rdd7 Be8 43. Rxg7 Rd8 44. Rxh7 Rdxd3+ 45. Kf2 Rf3+ 46. Kg2
Rxg3+ 47. Kh2 Kg8 48. Rag7+ Kf8 49. Ra7 Kg8 1/2-1/2

[Event "Michigan Open Reserve"]
[Site "Romulus, MI"]
[Date "2000.09.02"]
[Round "3.45"]
[White "Livschitz, Louiza"]
[Black "LaFerriere, Adam"]
[Result "1/2-1/2"]
[WhiteElo "1431"]
[BlackElo "851"]
[PlyCount "50"]
[EventDate "2000.09.01"]

1. d4 d5 2. c4 Nf6 3. cxd5 Nxd5 4. e4 Nb6 5. Nc3 e6 6. Nf3 c5 7. Bb5+ Bd7 8.
Bxd7+ Qxd7 9. O-O Nc6 10. d5 exd5 11. exd5 Nb4 12. Re1+ Kd8 13. Be3 N4xd5 14.
Qb3 c4 15. Qc2 Bb4 16. Rad1 Bxc3 17. bxc3 Re8 18. Bxb6+ axb6 19. Rxe8+ Kxe8 20.
Qe4+ Qe6 21. Qxd5 Qxd5 22. Rxd5 Rxa2 23. g3 Ra3 24. Rg5 Rxc3 25. Rb5 Rb3 {
@Epen ran out of ink can't read} 1/2-1/2

[Event "Michigan Open"]
[Site "Romulus, MI"]
[Date "2000.09.02"]
[Round "2.5"]
[White "Levi, Ariel"]
[Black "Triplett, Thomas"]
[Result "1-0"]
[WhiteElo "2123"]
[BlackElo "1893"]
[PlyCount "75"]
[EventDate "2000.09.01"]

1. c4 Nf6 2. g3 g6 3. Bg2 Bg7 4. Nc3 d6 5. d3 O-O 6. Bg5 h6 7. Bd2 e5 8. e4 Nc6
9. Nge2 Be6 10. Nd5 Kh7 11. O-O Rb8 12. h3 Nd7 13. Be3 Nd4 14. Nxd4 exd4 15.
Bd2 Ne5 16. Qc2 Qc8 17. f4 Nc6 18. f5 Bxd5 19. exd5 Ne7 20. Be4 Ng8 21. Rf4 Nf6
22. fxg6+ fxg6 23. Bg2 Qd7 24. Rxd4 Rbe8 25. Re1 Rxe1+ 26. Bxe1 Qe7 27. Bf2 a6
28. Rf4 Re8 29. Kf1 h5 30. b4 Bh6 31. Rf3 Qe5 32. Kg1 Kg7 33. Qd1 Qb2 34. Kh1
Re2 35. Bd4 Qxa2 36. Bxf6+ Kh7 37. Qf1 Bd2 38. Qxe2 1-0

[Event "Michigan Open Reserve"]
[Site "Romulus, MI"]
[Date "2000.09.02"]
[Round "2.27"]
[White "LaFerriere, Adam"]
[Black "Grzegorczyk, Ron"]
[Result "0-1"]
[WhiteElo "851"]
[BlackElo "1527"]
[PlyCount "112"]
[EventDate "2000.09.01"]

1. e4 c5 2. f4 Nc6 3. Nf3 d6 4. d4 cxd4 5. Nxd4 g6 6. Bb5 Bd7 7. Nxc6 bxc6 8.
Bc4 Bg7 9. O-O Nh6 10. c3 O-O 11. f5 gxf5 12. Bxh6 Bxh6 13. exf5 Qb6+ 14. Kh1
Qxb2 15. Qb3 Qxb3 16. axb3 Bg7 17. Ra2 d5 18. Bd3 Bf6 19. c4 e5 20. fxe6 fxe6
21. cxd5 cxd5 22. Ra6 Bg7 23. Rd1 Rfb8 24. Bc2 Rb6 25. Ra5 a6 26. Rc5 Rc6 27.
Rxc6 Bxc6 28. Rd3 Rf8 29. Rf3 e5 30. Bd3 Bb5 31. Rxf8+ Kxf8 32. Bxb5 axb5 33.
Nc3 d4 34. Nxb5 Ke7 35. Kg1 Kd7 36. Kf2 Kc6 37. Na3 Kc5 38. Ke2 Kb4 39. Nc2+
Kc3 40. Ne1 e4 41. b4 d3+ 42. Nxd3 exd3+ 43. Kd1 Bd4 44. g4 Kxb4 45. h4 Be3 46.
h5 h6 47. Ke1 Kc3 48. Kd1 Bg5 49. Ke1 Kc2 50. Kf2 d2 51. Kg3 d1=Q 52. Kh3 Qf3+
53. Kh2 Bf4+ 54. Kg1 Bg3 55. g5 Qf2+ 56. Kh1 Qh2# 0-1

[Event "Michigan Open"]
[Site "Romulus, MI"]
[Date "2000.09.02"]
[Round "1.56"]
[White "Kulbacki, James"]
[Black "Mankiewicz, Ryan"]
[Result "1/2-1/2"]
[WhiteElo "2003"]
[BlackElo "2101"]
[PlyCount "51"]
[EventDate "2000.09.01"]

1. d4 Nf6 2. c4 c5 3. d5 b5 4. cxb5 a6 5. Nc3 axb5 6. Nxb5 Ba6 7. Nc3 g6 8. f4
d6 9. Nf3 Bg7 10. e4 Bxf1 11. Rxf1 Qa5 12. Kf2 O-O 13. Kg1 Na6 14. Qe1 Nb4 15.
Qh4 Nd3 16. e5 dxe5 17. fxe5 Nd7 18. Ng5 h6 19. Nxf7 Rxf7 20. Rxf7 Kxf7 21. e6+
Kg8 22. Qxe7 Bd4+ 23. Kh1 Nf2+ 24. Kg1 Nd3+ 25. Kh1 Nf2+ 26. Kg1 1/2-1/2